1681 1531 1070 1799 1847 1232 2000 1587 1022 1173 1797 1527 1040 1553 1676 1679 1455 1522 1949 1686 1073 1970 1173 1497 1218 1942 1492 1413 1396 1980 1511 1428 1868 1492 1270 1612 1094 1415 1138 1464 1582 1371 1875 1607 1751 1342 1244 1228 1720 1929 1897 1333 1122 1259 1661 1617 1128 1317 1772 1274 1510 1785 1386 1866 1733 1096 1336 1621 1177 1720 1604 1080 1324 1736 1321 1619 1626 1584 1416 1117 1245 1779 1643 1039 1280 1658 1094 1617 1134 1515 1363 1286 1538 1000 1320 1103 1331 1146 1281 BCNSPRNW ULIB Ver.6.0+V

เปลี่ยนเป็นภาษาไทย

Change to English
 แสดงรายละเอียดบรรณานุกรม
  กลับหน้าหลัก

Brief Record : Get Marc (ISO 2709) : E-mail record : QR code < ปิดหน้าต่าง
LEADER : 00000nam 2200000uu 4500
001    13399111379
003     ULIB
008    110623s||||||||th 000 0 tha d
020    9746132288 (ล.1)
050  4 BL2075^bส719อ ล.1 2548
110 2  มหาวิทยาลัยสุโขทัยธรรมาธิราช
245 10 ความเชื่อและศาสนาในสังคมไทย หน่วยที่1-7=^bBeliefs and religions in Thai society /^cมหาวิทยาลัยสุโขทัยธรรมาธิราช
246 31 Beliefs and religions in Thai society
250    พิมพ์ครั้งที่ 1
260    นนทบุรี :^bสำนักพิมพ์มหาวิทยาลัยสุโขทัยธรรมาธิราช,^c2533
300    2 ล. ;^c30 ซม.
500    เอกสารการสอนชุดวิชา 12304 หน่วยที่ 1-7, 8-15 -- หน้าปกใน
650  7 ความเชื่อ
650  7 ศาสนา^xไทย
650  7 ศาสนากับสังคม
945    ^p0^l0^i018585
995    ทศพร
999 ^a ใช้งานได้ทุกระบบ
รายการนี้ยังไม่มีแท็ก
คุณยังไม่ได้ล็อกอิน คุณสามารถมีกิจกรรมร่วมกับเว็บไซต์ได้ แต่ต้องล็อกอินก่อน ::
  ล็อกอิน

รายการสื่อสารสนเทศ

ลำดับที่ ประเภท เลขเรียก/บาร์โค้ด สถานที่ สถานะ
- ไม่พบข้อมูล -

รายการใกล้เคียง
    หัวเรื่อง [ความเชื่อ]
    หัวเรื่อง [ศาสนากับสังคม]

BibComment


ยังไม่เคยถูกคอมเมนท์

คอมเมนท์ทรัพยากรรายการนี้
  คอมเมนท์: ความเชื่อและศาสนา..


 Copyright 2026. Bcnsprnw @Library